书目信息 |
| 题名: |
毛泽东和他的“顾问”
|
|
| 作者: | 樊昊 著 | |
| 分册: | ||
| 出版信息: | 北京 人民出版社 2006 |
|
| 页数: | 339页 | |
| 开本: | 21cm | |
| 丛书名: | 高层人物传记丛书 | |
| 单 册: | ||
| 中图分类: | A752 , K825.2=75 , A752 | |
| 科图分类: | ||
| 主题词: | 毛泽东--生平事迹 , 毛泽东--传记 | |
| 电子资源: | ||
| ISBN: | 7-01-005576-9 | |
| 000 | 01143oam2 2200349 450 | |
| 001 | 1235334049 | |
| 005 | 20120928095109.67 | |
| 010 | @a7-01-005576-9@dCNY28.00 | |
| 100 | @a20060124d2006 em y0chiy50 ea | |
| 101 | 0 | @achi |
| 102 | @aCN@b110000 | |
| 105 | @aa z 000yd | |
| 106 | @ar | |
| 200 | 1 | @a毛泽东和他的“顾问”@f樊昊著@Amao ze dong he ta de “ gu wen ” |
| 205 | @a修订本 | |
| 210 | @a北京@c人民出版社@d2006 | |
| 215 | @a339页@c照片,图@d21cm | |
| 225 | 2 | @a高层人物传记丛书 |
| 330 | @a本书讲述了毛泽东和中国人民解放军的将领、军事理论家、军事教育家郭化若在土地革命战争时期、抗日战争时期、解放战争时期以及中华人民共和国成立后的军事活动与事迹。 | |
| 461 | 0 | @1001003008367 |
| 600 | 0 | @a郭化若@f(1904-1995) |
| 600 | 0 | @a毛泽东@f(1893-1976)@x生平事迹 |
| 600 | 0 | @a郭化若@f(1904-1995)@x生平事迹 |
| 600 | 0 | @a毛泽东@f(1893-1976) |
| 606 | 0 | @a毛泽东@x生平事迹 |
| 606 | 0 | @a毛泽东@x传记 |
| 690 | @aA752@v4 | |
| 690 | @aK825.2=75@v4 | |
| 690 | @aA752@v4 | |
| 701 | 0 | @a樊昊@f(1942~)@4著@Afan hao |
| 801 | 0 | @aCN@b大连网信软件有限公司图书馆·11@c20120928 |
| 905 | @a10447@dA752@eJY47 | |
| 毛泽东和他的“顾问”/樊昊著.-修订本 .-北京:人民出版社,2006 |
| 339页:照片,图;21cm .-(高层人物传记丛书 ) |
| ISBN 7-01-005576-9:CNY28.00 |
| 本书讲述了毛泽东和中国人民解放军的将领、军事理论家、军事教育家郭化若在土地革命战争时期、抗日战争时期、解放战争时期以及中华人民共和国成立后的军事活动与事迹。 |
| ● |
| 相关链接 |
|
|
|
|
正题名:毛泽东和他的"顾问"
索取号:A752/JY47
 
预约/预借
| 序号 | 登录号 | 条形码 | 馆藏地/架位号 | 状态 | 备注 |
| 1 | 7809366 | 278093661 | 学院路分馆/ [索取号:A752/JY47] | 在馆 | |
| 2 | 7809367 | 278093670 | 学院路分馆/ [索取号:A752/JY47] | 在馆 |